Estadísticas para POBLES DEL PLA DE L'ESTANY

Haz click aquí para intentar la prueba.

Estadísticas generales

  • Esta prueba ha sido intentada 7 veces
  • La puntuación promedio es 7 de 11

Estadísticas de respuestas

INICIALMUNICIPI% Correcto
BBanyoles
100%
SSerinyà
100%
CCornellà del Terri
67%
CCrespià
67%
EEsponellà
67%
PPalol de Revardit
67%
PPorqueres
67%
VVilademuls
67%
CCamós
33%
FFontcuberta
33%
SSant Miquel de Campmajor
33%

Distribución de puntuación

Porcentaje por número respondido

Porcentaje de gente con cada puntuación

Historial de tus puntuaciones

No has intentado esta prueba.